| 000 | 00824nam a2200241Ia 4500 | ||
|---|---|---|---|
| 003 | CO-CtgCURN | ||
| 005 | 20250410183200.0 | ||
| 008 | 190723s9999 xx 000 0 und d | ||
| 020 | _a9968380008 | ||
| 040 |
_aCO-CtgCURN _bspa _ccoctgcurn |
||
| 082 |
_a347.05 _bG623p |
||
| 100 | _aGoldschmidt, James | ||
| 245 | 0 |
_aPrincipios generales del proceso / _cJames Goldschmidt |
|
| 260 |
_aMéxico : _bEditorial jurídica Universitaria, _c2001 |
||
| 300 |
_a146 páginas ; _c24 centímetros |
||
| 490 |
_aSerie Clásicos de la Teoría General del Proceso; _v3 |
||
| 521 | _aAREA PROFESIONAL | ||
| 590 | _aPrograma de Derecho_18 | ||
| 650 | _aDerecho procesal | ||
| 650 | _aProcedimiento civil | ||
| 942 |
_cBK _h347.05 _iG623p _2ddc _n0 |
||
| 999 |
_c29646 _d29646 |
||